| 000 | 00338nam a22001337a 4500 | ||
|---|---|---|---|
| 008 | 190129b xxu||||| |||| 00| 0 eng d | ||
| 020 | _a9780130143181 | ||
| 041 | _aeng | ||
| 080 | _a510 | ||
| 100 | _a36 | ||
| 101 | _aMAT | ||
| 245 |
_aA Survey of Classical and Modern Geometrics with Computer Activities _cBaragar,A |
||
| 942 |
_2udc _cBK |
||
| 999 |
_c53813 _d53813 |
||